20 plus grandes villes d'Europe (en ordre) - Statistiques

Statistiques générales
  • Ce quiz a été pris 73 fois
  • Le résultat moyen est 17 sur 20
Statistiques - réponses
Pays Ville % Correct
Royaume-Umi Londres
98%
Russie Moscou
98%
Allemagne Berlin
97%
Espagne Madrid
97%
France Paris
97%
Italie Rome
97%
Ukraine Kiev
92%
Russie Sainte-Pétersbourg
90%
Espagne Barcelone
89%
Roumanie Bucarest
89%
Turqie Istanbul
89%
Italie Milan
89%
Pologne Varsovie
86%
L'Autriche Vienne
86%
Républiq Tchèque Prague
83%
Allemagne Munich
78%
Biélorussie Minsk
76%
Hongrie Budapest
75%
Allemagne Hambourg
67%
Ukraine Kharkiv
35%
Aucun quiz correspondant
Distribution des résultats
% des personnes avec chaque résultat
Percentile par nombre de réponses
Votre historique - résultats
Vous n’avez pas pris ce quiz